Fractures and dislocations: Closed management
Na minha lista:
| Autor principal: | |
|---|---|
| Formato: | Livro |
| Idioma: | Undetermined |
| Publicado em: |
London
W.B. Saunders Co
1995
|
| Assuntos: | |
| Tags: |
Adicionar Tag
Sem tags, seja o primeiro a adicionar uma tag!
|
| Thư viện lưu trữ: | Trung tâm Học liệu Trường Đại học Cần Thơ |
|---|
| LEADER | 00592nam a2200193Ia 4500 | ||
|---|---|---|---|
| 001 | CTU_14823 | ||
| 008 | 210402s9999 xx 000 0 und d | ||
| 020 | |b 135.14df | ||
| 082 | |a 617.15 | ||
| 082 | |b C753/T2 | ||
| 100 | |a John F Connolly | ||
| 245 | 0 | |a Fractures and dislocations: Closed management | |
| 245 | 0 | |c John F Connolly | |
| 260 | |a London | ||
| 260 | |b W.B. Saunders Co | ||
| 260 | |c 1995 | ||
| 650 | |a dislocations - therapy,dislocations - treatment,fracture fixation | ||
| 904 | |i Nguyễn Quang Điền, 970107 | ||
| 980 | |a Trung tâm Học liệu Trường Đại học Cần Thơ | ||